000 00276nam a2200121Ia 4500
008 190216s9999||||xx |||||||||||||| ||und||
100 _aAbdussalam Bin Mohammad Nv
245 0 _aBiyanul E-Arab
260 _bYuvatha Book House
300 _a870p
650 _aArabic
942 _cBK
999 _c441
_d441